000 00441nmm a2200145Ia 4500
008 251105s9999||||xx |||||||||||||||||und||
041 _aspa
100 _aMeisel Roca, Adolfo (dir.)
245 0 _aRelatos de movilidad y educación
264 _a[Bogotá, Colombia] :
_bUniversidad del Norte,
_c2020
300 _a96 páginas
650 _aEconomics and Business
856 _uhttps://public.digitaliapublishing.com/a/68553
942 _cCF
999 _c106834
_d106834